Memòria literària i ficció de l'univers concentracionari / Maria Campillo
ISBN:
84-95417-55-3
Descripción Física:
48 p. ; 21 cm
Colección:
Textos d'Història i Cultura ; 1
Materias:
Camps de concentració en la literatura
MARC
| LEADER | 00000nam a2200000Ia 4500 | ||
|---|---|---|---|
| 001 | 17900 | ||
| 008 | 160829s2006 xx 000 0 cat d | ||
| 020 | |a 84-95417-55-3 | ||
| 080 | |a FU-47-48 | ||
| 100 | |a Campillo, Maria |9 39349 | ||
| 245 | |a Memòria literària i ficció de l'univers concentracionari / Maria Campillo | ||
| 260 | |a Barcelona : |b Fundació Carles Pi i Sunyer d'Estudis Autonòmics i Locals, |c 2006 | ||
| 300 | |a 48 p. ; |c 21 cm | ||
| 490 | |a Textos d'Història i Cultura ; 1 | ||
| 590 | |a A la coberta: Arxiu Històric de la Fundació Carles Pi i Sunyer | ||
| 650 | |a Camps de concentració en la literatura |9 39350 | ||
| 710 | 1 | |a Fundació Carles Pi i Sunyer d'Estudis Autonòmics i Locals |9 52753 | |
| 901 | |a Arxiu | ||
| 942 | |n 1 | ||
| 952 | |0 0 |1 0 |4 0 |6 FU4748 |7 1 |9 48967 |a Arxiu |b Arxiu |d 2016-12-01 |l 0 |o FU-47-48 |p 17900 |r 2016-12-01 00:00:00 |w 2016-12-01 |y ARXIU | ||
| 999 | |c 52802 |d 52802 | ||